Statistics for Victoria 2 Most Likely Candidate: Great Power

Click here to take the quiz!

General Stats

  • This quiz has been taken 115 times
  • The average score is 13 of 18

Answer Stats

Answer% Correct
France
95%
The USA
92%
United Kingdom
92%
Austria
89%
Austria Hungary
89%
Germany
88%
Japan
88%
China
87%
Italy
86%
The Netherlands
81%
Prussia
80%
Belgium
75%
Sweden
69%
Russian Empire
59%
Switzerland
36%
Two Sicilies
36%
North German Confederation
22%
Scandinavia
20%

Score Distribution

Percentile by Number Answered

Percent of People with Each Score

Your Score History

You have not taken this quiz